000 00843nam a22002657a 4500
001 BR2014004921
003 BR-BrBNA
005 20230928104454.0
007 ta
008 230509b bl.||||| |||| 00| 0 por d
040 _aBR-BrBNA
_bpor
_cBiblioteca Nacional de Agricultura
041 _a(Eng, Por)
072 _aE14
090 _ E14 BR2014004921
110 1 _aConfederação da Agricultura e Pecuária do Brasil, Brasília, DF (Brasil)
_92548
245 1 _aSistema CNA Brasil: confederação da agricultura e pecuária do Brasil; brazilian confederation of agriculture and livestock
260 3 _aBrasília, DF (Brasil):
_c2011.
300 _a28 p.
500 _a2 CD-ROOM; 27 illus
650 _aDESENVOLVIMENTO RURAL
650 _aHISTÓRIA
650 _aPRODUÇÃO
909 _a202309
_bLucia
_c55
_dLucia Elande
942 _cBK
999 _c80107
_d80107